Kandydaci na prezydenta RP 2000 - Statystyki

Ogólne statystyki
  • Ten quiz został rozwiązany 110 razy
  • Średni wynik to 4 z 7
Statystyki odpowiedzi
% głosów w I turze % głosów w II turze Partia Odpowiedź % Poprawnych
53,90 - Bezpartyjny Aleksander Kwaśniewski
100%
1,43 - Unia Polityki Realnej Janusz Korwin-Mikke
77%
3,05 - Samoobrona Rzeczpospolitej Polskiej Andrzej Lepper
76%
1,01 - Chrześcijańska Demokracja III RP Lech Wałęsa
66%
17,30 - Bezpartyjny Andrzej Olechowski
40%
15,57 - Ruch Społeczny Akcja Wyborcza Solidarność Marian Krzaklewski
40%
5,95 - PSL Jarosław Kalinowski
32%
Nie znaleziono quizów pasujących do podanych kryteriów
Rozkład punktacji
Procent ludzi z każdym wynikiem
Percentyl według liczby udzielonych odpowiedzi
Twoja historia wyników
Nie rozwiązałeś tego quizu